Cognitive Screening Instruments (Post nr. 1314)
[ visa ren ]
| 000 -LEADER | |
|---|---|
| fixed length control field | 03466nam a22004935i 4500 |
| 001 - CONTROL NUMBER | |
| control field | 60192 |
| 005 - DATE AND TIME OF LATEST TRANSACTION | |
| control field | 20200226102308.0 |
| 007 - PHYSICAL DESCRIPTION FIXED FIELD--GENERAL INFORMATION | |
| fixed length control field | cr nn 008mamaa |
| 008 - FIXED-LENGTH DATA ELEMENTS--GENERAL INFORMATION | |
| fixed length control field | 161201s2017 gw | s |||| 0|eng d |
| 020 ## - INTERNATIONAL STANDARD BOOK NUMBER | |
| International Standard Book Number | 9783319447759 |
| -- | 978-3-319-44775-9 |
| 024 7# - OTHER STANDARD IDENTIFIER | |
| Standard number or code | 10.1007/978-3-319-44775-9 |
| Source of number or code | doi |
| 035 ## - SYSTEM CONTROL NUMBER | |
| System control number | (DE-He213)978-3-319-44775-9 |
| 050 #4 - LIBRARY OF CONGRESS CALL NUMBER | |
| Classification number | RC346-429.2 |
| 072 #7 - SUBJECT CATEGORY CODE | |
| Subject category code | MJN |
| Source | bicssc |
| 072 #7 - SUBJECT CATEGORY CODE | |
| Subject category code | MED056000 |
| Source | bisacsh |
| 082 04 - DEWEY DECIMAL CLASSIFICATION NUMBER | |
| Classification number | 616.8 |
| Edition number | 23 |
| 245 10 - TITLE STATEMENT | |
| Title | Cognitive Screening Instruments |
| Medium | [electronic resource] : |
| Remainder of title | A Practical Approach / |
| Statement of responsibility, etc. | edited by A. J. Larner. |
| 250 ## - EDITION STATEMENT | |
| Edition statement | 2nd ed. 2017. |
| 264 #1 - PRODUCTION, PUBLICATION, DISTRIBUTION, MANUFACTURE, AND COPYRIGHT NOTICE | |
| Place of production, publication, distribution, manufacture | Cham : |
| Name of producer, publisher, distributor, manufacturer | Springer International Publishing : |
| -- | Imprint: Springer, |
| Date of production, publication, distribution, manufacture, or copyright notice | 2017. |
| 300 ## - PHYSICAL DESCRIPTION | |
| Extent | X, 351 p. 21 illus., 9 illus. in color. |
| Other physical details | online resource. |
| 336 ## - CONTENT TYPE | |
| Content type term | text |
| Content type code | txt |
| Source | rdacontent |
| 337 ## - MEDIA TYPE | |
| Media type term | computer |
| Media type code | c |
| Source | rdamedia |
| 338 ## - CARRIER TYPE | |
| Carrier type term | online resource |
| Carrier type code | cr |
| Source | rdacarrier |
| 347 ## - DIGITAL FILE CHARACTERISTICS | |
| File type | text file |
| Encoding format | |
| Source | rda |
| 505 0# - FORMATTED CONTENTS NOTE | |
| Formatted contents note | Section 1: Introduction -- Cognitive Screening Instruments: Rationale, Desiderata, Assessment -- Cochrane Dementia and Cognitive Improvement Group Assessment of Cognitive Screening Instruments -- Section 2: Patient performance-related tests -- Mini-Mental State Examination (MMSE) -- MMSE variants and subscores -- Clock Drawing Test -- Addenbrooke’s Cognitive Examinations (ACE) -- Montreal Cognitive Assessment (MoCA) -- DemTect -- Test Your Memory (TYM) test -- General Practitioner Cognitive Assessment (GPCOG) -- Six-item Cognitive Impairment Test (6CIT) -- Section 3: Informant-related scales -- Informant Questionnaire on Cognitive Decline in the Elderly (IQCODE) -- AD8 -- Section 4: Conclusion -- The Place of Cognitive Screening Instruments. |
| 520 ## - SUMMARY, ETC. | |
| Summary, etc. | This revised and updated second edition provides a practical and structured overview of some of the most commonly used and easily available cognitive screening instruments applicable in the outpatient clinic and bedside setting. It now includes additional chapters on AD8 and also methodological aspects of systematic cognitive screening instrument assessment from the Cochrane Dementia and Cognitive Improvement Group. Expert authors from around the world equip the reader with clear instructions on the usage of each screening instrument, its strengths and weaknesses, and the time required for administration. Rules on scoring are also provided, such as how to correct for variations in the patient’s age or education, and suggested cut-off scores. Cognitive Screening Instruments: A Practical Approach, Second Edition is aimed at both clinicians and professionals in disciplines allied to medicine who are called upon to assess patients with possible cognitive disorders, including neurologists, old age psychiatrists, neuropsychologists, primary care physicians, dementia support workers, and members of memory assessment teams. |
| 650 #0 - SUBJECT ADDED ENTRY--TOPICAL TERM | |
| Topical term or geographic name entry element | Medicine. |
| 650 #0 - SUBJECT ADDED ENTRY--TOPICAL TERM | |
| Topical term or geographic name entry element | General practice (Medicine). |
| 650 #0 - SUBJECT ADDED ENTRY--TOPICAL TERM | |
| Topical term or geographic name entry element | Neurology. |
| 650 #0 - SUBJECT ADDED ENTRY--TOPICAL TERM | |
| Topical term or geographic name entry element | Psychiatry. |
| 650 #0 - SUBJECT ADDED ENTRY--TOPICAL TERM | |
| Topical term or geographic name entry element | Neuropsychology. |
| 650 14 - SUBJECT ADDED ENTRY--TOPICAL TERM | |
| Topical term or geographic name entry element | Medicine & Public Health. |
| 650 24 - SUBJECT ADDED ENTRY--TOPICAL TERM | |
| Topical term or geographic name entry element | Neurology. |
| 650 24 - SUBJECT ADDED ENTRY--TOPICAL TERM | |
| Topical term or geographic name entry element | Psychiatry. |
| 650 24 - SUBJECT ADDED ENTRY--TOPICAL TERM | |
| Topical term or geographic name entry element | Neuropsychology. |
| 650 24 - SUBJECT ADDED ENTRY--TOPICAL TERM | |
| Topical term or geographic name entry element | General Practice / Family Medicine. |
| 700 1# - ADDED ENTRY--PERSONAL NAME | |
| Personal name | Larner, A. J. |
| Relator term | editor. |
| 710 2# - ADDED ENTRY--CORPORATE NAME | |
| Corporate name or jurisdiction name as entry element | SpringerLink (Online service) |
| 773 0# - HOST ITEM ENTRY | |
| Title | Springer eBooks |
| 776 08 - ADDITIONAL PHYSICAL FORM ENTRY | |
| Relationship information | Printed edition: |
| International Standard Book Number | 9783319447742 |
| 856 40 - ELECTRONIC LOCATION AND ACCESS | |
| Uniform Resource Identifier | <a href="http://dx.doi.org/10.1007/978-3-319-44775-9">http://dx.doi.org/10.1007/978-3-319-44775-9</a> |
| 912 ## - | |
| -- | ZDB-2-SME |
Inga exemplar finns tillgängliga.